| 000 | 00468cam a22001934a 4500 | ||
|---|---|---|---|
| 005 | 20250605164159.0 | ||
| 008 | 250528s ||||||||||||||||||||||||d | ||
| 035 | _a19707 | ||
| 020 | _a9608630746 | ||
| 040 |
_aGR-AtMCL _bgre _dGR-AtMCL _eAACR2 |
||
| 245 | 1 | _aΑΦΟΥ ΔΕΝ ΥΠΑΡΧΟΥΝ ΔΡΑΚΟΙ! | |
| 250 | _a1 | ||
| 260 |
_bΜέριμνα, _c2006 |
||
| 300 | _a24 | ||
| 700 | 1 |
_aKent Jack _95910 |
|
| 942 | _cBK | ||
| 999 |
_c4963 _d4963 |
||